| 000 | 01051naa a22003137a 4500 | ||
|---|---|---|---|
| 001 | BR9301651 | ||
| 003 | BR-BrBNA | ||
| 005 | 20240918181017.0 | ||
| 007 | ta | ||
| 008 | 230509b bl.||||| |||| 00| 0 por d | ||
| 040 |
_aBR-BrBNA _bpor _cBiblioteca Nacional de Agricultura |
||
| 041 | _a(Pt) | ||
| 072 |
_aF04; F01 _b1845 _b3810 _b3820 _b3830 |
||
| 090 | _aF04 BR9301651 | ||
| 100 | 1 | _aCarvalho, J.C.R. de | |
| 100 | 1 | _aAraujo, L.C.P. de | |
| 245 | 1 | _aEfeito de niveis de nitrogenio, fosforo e potassio (NPK)na fertilizacao de pimentao, Capsicum annum L. | |
| 260 | 3 |
_aCruz das Almas, BA (Brasil): _c1977. |
|
| 500 | _aInforme cientifico anual, no. 1 Cruz das Almas, BA (Brasil): 1977. p. 51-52 (BR9301651-AM)F04 | ||
| 650 | _aPimentao | ||
| 650 | _aNitrogenio | ||
| 650 | _aFosforo | ||
| 650 | _aPotassio | ||
| 650 | _aPratica Cultural | ||
| 650 | _aAdubacao | ||
| 773 | 0 |
_tInforme cientifico anual, no. 1 _wF04 BR9301651 _gCruz das Almas, BA (Brasil), 1977. p. 51-52 |
|
| 909 |
_a202404 _bLucia _c55 _dLucia Elande |
||
| 942 |
_cAM _2AGRIS |
||
| 999 |
_c323172 _d323172 |
||